UBT Library

Leadership for the future : (Record no. 38852)

000 -LEADER
fixed length control field 00936cam a22002774a 4500
001 - CONTROL NUMBER
control field 12441741
005 - DATE AND TIME OF LATEST TRANSACTION
control field 20171211050515.0
008 - FIXED-LENGTH DATA ELEMENTS--GENERAL INFORMATION
fixed length control field 010614s2002 ilua b 001 0 eng
010 ## - LIBRARY OF CONGRESS CONTROL NUMBER
LC control number 2001039322
020 ## - INTERNATIONAL STANDARD BOOK NUMBER
International Standard Book Number 156793160X (alk. paper)
035 ## - SYSTEM CONTROL NUMBER
System control number (DNLM)101120584
040 ## - CATALOGING SOURCE
Original cataloging agency DNLM/DLC
Transcribing agency DLC
Modifying agency DLC
041 ## - LANGUAGE CODE
Language code of text/sound track or separate title eng
042 ## - AUTHENTICATION CODE
Authentication code pcc
060 10 - NATIONAL LIBRARY OF MEDICINE CALL NUMBER
Classification number 658 ROS
Item number R823L 2001
080 ## - UNIVERSAL DECIMAL CLASSIFICATION NUMBER
Universal Decimal Classification number 658 ROS
082 00 - DEWEY DECIMAL CLASSIFICATION NUMBER
Classification number 362.1/068
Edition number 21
100 1# - Rafti
Rafti 54
101 ## - Shkurtesa
Shkurtesa LID
245 10 - TITLE STATEMENT
Title Leadership for the future :
Statement of responsibility, etc Austin Ross, Frederick J. Wenzel, Joseph W. Mitlyng.
504 ## - BIBLIOGRAPHY, ETC. NOTE
Bibliography, etc Includes bibliographical references (p. 371-374) and index.
906 ## - LOCAL DATA ELEMENT F, LDF (RLIN)
a 7
b cbc
c orignew
d 1
e ocip
f 20
g y-gencatlg
942 ## - ADDED ENTRY ELEMENTS (KOHA)
Source of classification or shelving scheme
Item type Books
Holdings
Withdrawn status Lost status Source of classification or shelving scheme Damaged status Not for loan Collection code Permanent location Current location Shelving location Date acquired Total Checkouts Full call number Barcode Date last seen Price effective from Koha item type
          Koleksioni i përgjithshem UBT - Lipjan UBT - Lipjan Koleksioni i përgjithshem 12/11/2017   658 ROS 002-2939226 12/11/2017 12/11/2017 Books
UBT Library © 2015-2024. All rights reserved University Education for Business and Technology